000 00944nac a22001931u 4500
082 _a338.1
090 _c3624
_d3624
100 _a20080729
110 _a769;diterrane&
_a769;ennes.
_aCIHEAM. Centre international de hautes e&
_a769;tudes agronomiques me&
245 _aAgri med.
_b769;enne. Rapport annuel
_b769;diterrane&
_b769;veloppement rural durable dans la re&
_b770;che, alimentation et de&
_bAgriculture, pe&
_b769;gion me&
_c CIHEAM
_p 2004 : /
260 _aMontpellier :
_b769;diterrane&
_b769;en de Montpellier, 2004
_b IAMM. Institut agronomique me&
_c2004
300 _a 276 p. ;
_c23 cm.
500 _aDonations
500 _aDonations-Bibliotheca Alexandrina
504 _aBibliography:p. 265-276
650 _aEconomic development - Agriculture.
942 _cBB
_k338.1
999 _c3624
_d3624